LEADER 04517nam 22007335 450 001 9911047706903321 005 20251116120427.0 010 $a9783032027009 024 7 $a10.1007/978-3-032-02700-9 035 $a(CKB)43368476500041 035 $a(MiAaPQ)EBC32419904 035 $a(Au-PeEL)EBL32419904 035 $a(DE-He213)978-3-032-02700-9 035 $a(EXLCZ)9943368476500041 100 $a20251116d2025 u| 0 101 0 $aeng 135 $aur||||||||||| 181 $ctxt$2rdacontent 182 $cc$2rdamedia 183 $acr$2rdacarrier 200 10$aHigh-Performance Textile Composites $eCharacteristics and Applications /$fedited by Anurag Dixit, Pawan Sharma, Harlal Singh Mali 205 $a1st ed. 2025. 210 1$aCham :$cSpringer Nature Switzerland :$cImprint: Springer,$d2025. 215 $a1 online resource (325 pages) 225 1 $aEngineering Materials,$x1868-1212 311 08$a9783032026996 327 $aHigh Performance Textile Reinforcements and Composites -- Effect of Reinforcement Architecture on the Mechanical Properties of Textile Composite -- Effect of Fiber Surface Treatment on Mechanical Properties of Textile Composites -- Mechanical Behavior of Advanced Textile Reinforced Composites under Quasi-Static and Dynamic Loading -- Fracture and Fatigue Behavior of High-Performance Textile Reinforced Composites -- Micro, Meso and Macro Scale Modeling of Textile Reinforcements and Composites -- Sustainability and Recycling of Textile Reinforced Composites -- Hybrid Polymer Textile Composites for Defence Applications -- High-Performance Textile Composites: Aerospace and Automobile Applications. 330 $aThis edited book provides an in-depth overview of high-performance textile reinforcements and composites, emphasizing both experimental characterization and numerical modeling methodologies tailored for defense, aerospace, and automotive applications. This comprehensive resource covers experimental and modeling strategies to understand how textile reinforcements and composites perform under diverse loading and boundary conditions, crucial for demanding high-performance environments. It includes detailed chapters on composite fabrication methodologies, experimental responses of textile composites under varying loads, and the unique characteristics of these materials. A dedicated chapter discusses the latest advances in numerical modeling techniques for complex textile reinforcements and composites, addressing challenges in simulation. The book covers a broad spectrum of topics, including the fabrication of textile composites, the impact of various parameters on mechanical properties, interlaminar fracture behavior, and interlaminar shear strength. It also discusses key trends and the potential of cutting-edge materials and techniques in high-performance applications, specifically in defense, automotive, and aerospace industries. The book highlights recent advancements in textile composites, focusing on modeling and experimentation that drive the development of high-performance materials across various sectors. It is poised to be an essential resource for researchers and engineers exploring the field of textile composites for advanced applications. 410 0$aEngineering Materials,$x1868-1212 606 $aComposite materials 606 $aBuilding materials 606 $aMaterials 606 $aMechanics, Applied 606 $aAutomotive engineering 606 $aAerospace engineering 606 $aAstronautics 606 $aComposites 606 $aWood, fabric, and textiles 606 $aMaterials Engineering 606 $aEngineering Mechanics 606 $aAutomotive Engineering 606 $aAerospace Technology and Astronautics 615 0$aComposite materials. 615 0$aBuilding materials. 615 0$aMaterials. 615 0$aMechanics, Applied. 615 0$aAutomotive engineering. 615 0$aAerospace engineering. 615 0$aAstronautics. 615 14$aComposites. 615 24$aWood, fabric, and textiles. 615 24$aMaterials Engineering. 615 24$aEngineering Mechanics. 615 24$aAutomotive Engineering. 615 24$aAerospace Technology and Astronautics. 676 $a620.118 700 $aDixit$b Anurag$01856863 801 0$bMiAaPQ 801 1$bMiAaPQ 801 2$bMiAaPQ 906 $aBOOK 912 $a9911047706903321 996 $aHigh-Performance Textile Composites$94467590 997 $aUNINA